01053 2200349 4500001002100000005001500021035002000036007000300056040001700059100003400076245012300110250001000233300003400243020002200277041000800299082001000307090001800317264003300335336002100368337003000389338002300419650001100442850001000453008004100463700003600504700005100540084001600591504002400607990002400631990002400655990002400679INLIS00000000000568820260426115835 a0010-0222000778ta aSBPUPADbInd0 aNasin El-KabumainiePengarang1 aSaatnya Menatap Lautan /cPengarang k-1 Nasin El-Kabumaini ; Pengarang k-2 Tjetjep S. Ranuatmaja ; Editor Rissa Yunuar aCet.2 axi,54 hal. :billus. ;c21 cm a978-602-8713-57-30 aInd a338.3 a332 HAR m 9-2 aBandung :bPuri Delco,c2010 2rdacontentaTeks 2rdamediaaTanpa Perantara 2rdacarrieraVolume 4aLautan aPUPAD260426 0  aeditor, Rissa YunuarePengarang0 aPengarang k-2 Tjetjep S. RanuatmajaePengarang a338.3 NAS s abibliografi, hlm 60 a151/S/KAPD-PDG/2012 a152/S/KAPD-PDG/2012 a153/S/KAPD-PDG/2012